书目信息 |
| 题名: |
宜居住宅设计
|
|
| 作者: | 朴正雄 , 尹凤铉 编 | |
| 分册: | ||
| 出版信息: | 北京 中国林业出版社 2005.07 |
|
| 页数: | 243页 | |
| 开本: | 23×30cm | |
| 丛书名: | ||
| 单 册: | ||
| 中图分类: | TU241-64 | |
| 科图分类: | ||
| 主题词: | 住宅--zhu zhai--建筑设计--图集 | |
| 电子资源: | ||
| ISBN: | 7-5038-3940-6 | |
| 000 | 00913nam0 2200253 450 | |
| 001 | 012006672437 | |
| 005 | 20060921091648.06 | |
| 010 | @a7-5038-3940-6@dCNY168.00 | |
| 100 | @a20060709d2005 km y0chiy0120 ea | |
| 101 | 0 | @achi |
| 102 | @aCN@b110000 | |
| 105 | @aa z 000yy | |
| 200 | 1 | @a宜居住宅设计@Ayi ju zhu zhai she ji@f朴正雄, 尹凤铉编@Fpu zheng xiong,yin feng xuan bian |
| 210 | @a北京@c中国林业出版社@d2005.07 | |
| 215 | @a243页@c彩图@d23×30cm | |
| 312 | @a并列英文题名取自封面 | |
| 330 | @a本书精心挑选了70余栋住宅,并利用素描、内外部照片及叙述施工过程等方式进行了详尽的介绍。读者从中可以了解到各栋住宅的形态、结构以及所用的材料。 | |
| 510 | 1 | @aGreen house design book@zeng |
| 606 | 0 | @a住宅@Azhu zhai@x建筑设计@j图集 |
| 690 | @aTU241-64@v4 | |
| 701 | 0 | @a朴正雄@Apu zheng xiong@4编 |
| 701 | 0 | @a尹凤铉@Ayin feng xuan@4编 |
| 801 | 0 | @aCN@bQSSK@c20060921 |
| 905 | @a10447@dTU241-64@eP692 | |
| 宜居住宅设计/朴正雄, 尹凤铉编.-北京:中国林业出版社,2005.07 |
| 243页:彩图;23×30cm |
| ISBN 7-5038-3940-6:CNY168.00 |
| 本书精心挑选了70余栋住宅,并利用素描、内外部照片及叙述施工过程等方式进行了详尽的介绍。读者从中可以了解到各栋住宅的形态、结构以及所用的材料。 |
| ● |
| 相关链接 |
|
|
|
正题名:宜居住宅设计
索取号:TU241-64/P692
 
预约/预借
| 序号 | 登录号 | 条形码 | 馆藏地/架位号 | 状态 | 备注 |
| 1 | 595359 | 205953592 | 自科二线404/404自科库 20排2列6层/ [索取号:TU241-64/P692] | 在馆 |